000 00170 a2200097 4500
041 _aspa
100 _aFlakoll, D.J
245 _aLobo de Mar
942 _cBK
952 _74
999 _c19187
_d19187